| 000 | 00702nam a2200217Ia 4500 | ||
|---|---|---|---|
| 008 | 240729s9999 xx 000 0 und d | ||
| 022 | _a2589-8728 | ||
| 245 | 0 | _aReproductive and Developmental Medicine | |
| 260 | _aUnited States | ||
| 260 | _bWolters Kluwer Health/LWW | ||
| 650 | _a Diseases of the endocrine glands. Clinical endocrinology | ||
| 650 | _a Immunologic diseases. Allergy | Medicine | ||
| 650 | _a Internal medicine | ||
| 650 | _a Internal medicine | ||
| 650 | _a Specialties of internal medicine | ||
| 650 | _a Specialties of internal medicine | ||
| 650 | _aMedicine | ||
| 856 | _uhttps://doaj.org/toc/fa0d01541b354d0abe5da7cfc90a0000 | ||
| 942 | _2ddc | ||
| 942 | _cDOAJEJ | ||
| 999 |
_c68901 _d68901 |
||
| 945 |
_a1 _bMadushi Gamage _c1 _dMadushi Gamage |
||